000 00589nam a2200241Ia 4500
008 190123s9999 xx 000 0 und d
020 _a9780516262550
050 _bF785 1997
100 _aFowler, Allan
245 0 _aEnergy from the sun /
245 0 _cby Allan Fowler.
260 _aNew York, New York :
260 _bChildren's Press,
260 _c1997
300 _a31 pages :
300 _bcolored illustrations ;
300 _c18cm.
440 _aRookie read-about science.
500 _a600L
650 _aSolar energy.
700 _aSeries.
700 _aTitle.
999 _c361035
_d361035